EU environmental law and policy update: part 1 (Record no. 70902)

MARC details
000 -LEADER
fixed length control field 01619cam a2200313 4500
001 - CONTROL NUMBER
control field ABS65713
008 - FIXED-LENGTH DATA ELEMENTS--GENERAL INFORMATION
fixed length control field 020805n2002 000 0 eng u
035 ## - SYSTEM CONTROL NUMBER
System control number (Sirsi) u119209
100 ## - MAIN ENTRY--PERSONAL NAME
Personal name Monkhouse, C
245 ## - TITLE STATEMENT
Title EU environmental law and policy update: part 1
260 ## - PUBLICATION, DISTRIBUTION, ETC.
Date of publication, distribution, etc. 2002
490 ## - SERIES STATEMENT
Series statement Environment Information Bulletin
Volume/sequential designation 121 July 2002, 9-16 (8)
520 ## - SUMMARY, ETC.
Summary, etc. Part 1of a two part feature covers key strategic environment policy and legislative developments from 1 June 2001 to 31 May 2002, reviews new European Commission communications and looks ahead at proposals expected within the next few months. Discusses the imminent Johannesburg summit and EU preparations for it; the sustainable development strategies; the sixth environmental action programme; communications on the clean air for Europe programme and soil protection. Further sections consider three important climate change policy documents adopted in October 2001; the white paper on European governance; the convention on the future of Europe;the Cardiff environmental integration process; the Danish presidency from 1 July 2002. See ABSXXXX for Part 2.
590 ## - LOCAL NOTE (RLIN)
Local note ABS
650 ## - SUBJECT ADDED ENTRY--TOPICAL TERM
Topical term or geographic name entry element EUROPEAN COMMISSION
650 ## - SUBJECT ADDED ENTRY--TOPICAL TERM
Topical term or geographic name entry element SUSTAINABLE DEVELOPMENT
650 ## - SUBJECT ADDED ENTRY--TOPICAL TERM
Topical term or geographic name entry element ENVIRONMENTAL ACTION PROGRAMMES
650 ## - SUBJECT ADDED ENTRY--TOPICAL TERM
Topical term or geographic name entry element CLEAN AIR FOR EUROPE
650 ## - SUBJECT ADDED ENTRY--TOPICAL TERM
Topical term or geographic name entry element SOIL PROTECTION
650 ## - SUBJECT ADDED ENTRY--TOPICAL TERM
Topical term or geographic name entry element EUROPEAN UNION
650 ## - SUBJECT ADDED ENTRY--TOPICAL TERM
Topical term or geographic name entry element CLIMATE CHANGE
650 ## - SUBJECT ADDED ENTRY--TOPICAL TERM
Topical term or geographic name entry element CONVENTION ON THE FUTURE OF EUROPE
650 ## - SUBJECT ADDED ENTRY--TOPICAL TERM
Topical term or geographic name entry element CARDIFF PROCESS
650 ## - SUBJECT ADDED ENTRY--TOPICAL TERM
Topical term or geographic name entry element DENMARK
650 ## - SUBJECT ADDED ENTRY--TOPICAL TERM
Topical term or geographic name entry element EUROPE
690 ## - LOCAL SUBJECT ADDED ENTRY--TOPICAL TERM (OCLC, RLIN)
Topical term or geographic name as entry element ENVIRONMENT-ENVIRONMENTAL LAW
700 ## - ADDED ENTRY--PERSONAL NAME
Personal name Skinner, I
942 ## - ADDED ENTRY ELEMENTS (KOHA)
Suppress in OPAC 0
Holdings
Withdrawn status Lost status Source of classification or shelving scheme Damaged status Not for loan Home library Current library Shelving location Date acquired Total Checkouts Full call number Barcode Date last seen Copy number Price effective from Koha item type
    Dewey Decimal Classification     London London Journal article 05/08/2002   ABS65713 119209-1001 06/08/2019 1 06/08/2019 Journal article